| 000 | 00897nam a2200229 a 4500 | ||
|---|---|---|---|
| 005 | 20210726140348.0 | ||
| 008 | 120830s2020 gw a|||gr|||| 00| 0 eng d | ||
| 020 | _a9783966800044 | ||
| 040 |
_aCO-BoUCM _bspa _cDeissy Garcia _dDeissy Garcia |
||
| 041 | 0 | _aeng | |
| 110 | 1 |
_aToshiko Mori Architect (Firm) _9104338 |
|
| 245 | 1 | 0 |
_aToshiko mori architect _cprólogo de K. Michael Hays |
| 260 |
_aBerlín, Alemania _bArchiTangle _c2020 |
||
| 300 |
_a239 páginas _bilustraciones |
||
| 500 | _aBibliografía Básica - Facultad de Creación - Pregrado en Artes - Diseño - Arquitectura | ||
| 504 | _aIncluye referencias bibliográficas | ||
| 610 | 1 | 0 |
_aToshiko Mori Arquitecto (Firma) _9104339 |
| 650 | 7 |
_aArquitectura moderna _ySiglo XX _928950 |
|
| 650 | 7 |
_aArquitectura moderna _ySiglo XXI _9104340 |
|
| 942 |
_cLIBRO _2DEWEY _a17 _e1 _h720.922 _mT714 _n0 |
||
| 999 |
_c318807 _d318807 |
||